Fifa 22 Top 25 CAMs - Statistics

General Stats
  • This quiz has been taken 222 times
  • The average score is 17 of 25
Answer Stats
Rating Club Nation Player % Correct
88 Manchester United Portugal Bruno Fernandes
100%
86 Manchester City Portugal Bernardo Silva
98%
85 Real Sociedad Spain David Silva
97%
87 Bayern Munich Germany Thomas Muller
96%
85 Borussia Dortmund Germany Marco Reus
92%
84 Chelsea Germany Kai Havertz
88%
84 Manchester City England Phil Foden
88%
82 Arsenal Norway Martin Odegaard
85%
84 Real Betis France Nabil Fekir
83%
83 Chelsea England Mason Mount
82%
82 Real Madrid Spain Isco
76%
82 Leicester City England James Maddison
74%
82 RB Leipzig Spain Dani Olmo
72%
82 FC Barcelona Brazil Philippe Coutinho
72%
84 Latium Spain Luis Alberto
70%
82 Inter Milan Turkey Hakan Calhanoglu
65%
82 Shanghai SIPG Brazil Oscar
65%
81 RB Leipzig France Christopher Nkunku
61%
82 Tottenham Hotspur France Tanguy Ndombele
60%
82 PSV Eindhoven Germany Mario Gotze
53%
83 Athletic Bilbao Spain Iker Muniain
46%
81 Roma FC Italy Lorenzo Pellegrini
46%
82 Borussia Monchengladbach Germany Lars Stindl
32%
81 UD Las Palmas Spain Jonathan Viera
18%
81 Shakhtar Donetsk Ukraine Marlos
18%
No matching quizzes found
Score Distribution
Percent of People with Each Score
Percentile by Number Answered
Your Score History
You have not taken this quiz